000 00244nam a22001097a 4500
082 _aROL
100 _aRolando M A Roque Maltherbe
245 _aThe physicaly chemistry of material
260 _aLondon
_bCRC
_c2010
300 _a500
942 _cBK
999 _c55134
_d55131